Lieus dal Chantun Grischun - Statistics

General Stats
  • This quiz has been taken 11 times
  • The average score is 59 of 298
Answers on the Map
Answers color-coded by a green-red scale on the quiz's map according to % correct below.
 
Answer Stats
Lieu % Correct
Claustra
80%
Cuira
80%
Flem Casa d'Uaul
80%
Flem Vitg
80%
Müstair
80%
Puntraschigna
80%
San Murezzan
80%
Silvaplauna
80%
Silvaplauna-Surlej
80%
Val
80%
Zernez
80%
Arosa
60%
Bravuogn
60%
Casti
60%
Falera
60%
Ftan
60%
Glion
60%
Lags
60%
Lantsch
60%
La Punt Chamues-ch
60%
Lavin
60%
60%
Maiavilla
60%
Malans
60%
Malögia
60%
Martina
60%
Puschlev
60%
Scuol
60%
Sent
60%
Tarasp
60%
Tusaun
60%
Vaz
60%
Vaz Sut
60%
Vnà
60%
Ardez
40%
Beiva
40%
Bever
40%
Breil
40%
Brüsch
40%
Casaccia
40%
Champfèr
40%
Curvalda
40%
Cuvlignas
40%
Domat
40%
Favugn
40%
Ferrera
40%
Fläsch
40%
Gianatsch
40%
Guarda
40%
Lai
40%
Landquart
40%
Lantsch Sut
40%
Medel (Valragn)
40%
Mon
40%
Mumpé Medel
40%
Mustér
40%
Ospizi Bernina
40%
Pragg-Gianatsch
40%
Ramosch
40%
Razén
40%
Samedan
40%
Samignun-Champatsch
40%
Samignun Vitg
40%
Santa Maria in Calanca
40%
Santa Maria Val Müstair
40%
Savognin
40%
Seglias
40%
Segl-Maria
40%
Sievgia-Ferrera
40%
Sievgia-Pardisla
40%
Sievgia Vitg
40%
Sontg Antönia
40%
Sour
40%
Spleia
40%
Suogl
40%
Sur (Valragn)
40%
Susch
40%
Tavau Frauenkirch
40%
Tavau Monstein
40%
Tavau Plaz
40%
Tavau Vitg
40%
Tavau Wolfgang
40%
Trin Mulin
40%
Trin (vitg)
40%
Trun
40%
Tschiertscha
40%
Tumein
40%
Visavraun
40%
Zuoz
40%
Alvagni Vitg
20%
Andeer
20%
Aschera
20%
Avras
20%
Bogn d'Alvagni
20%
Borgonovo
20%
Brail
20%
Brinzauls
20%
Calantgil
20%
Campocologno
20%
Castasegna
20%
Cinuos-chel
20%
Crusch en il Partenz
20%
Cunter en il Partenz
20%
Cunter en il Surmeir
20%
Donat
20%
Eigias
20%
Fadrein
20%
Farera
20%
Fidaz
20%
Filisur
20%
Fuldera
20%
Furna
20%
Gianin
20%
Le Prese
20%
Li Curt
20%
Lon
20%
Lostallo
20%
Luzein
20%
Malix
20%
Mastrils
20%
Maton
20%
Mesauc
20%
Miralago
20%
Mut
20%
Novagnas
20%
Panaduz
20%
Parpan
20%
Passugg
20%
Pralung
20%
Preda
20%
Roveredo
20%
Runtgaglia
20%
Sagogn
20%
Salouf
20%
San Bernardin
20%
San Carlo (Puschlev)
20%
San Vittore
20%
Sausch en il Partenz
20%
Says
20%
Sedrun
20%
Son Peder
20%
Stampa
20%
Strada en Engiadina
20%
Stussavgia Plaz
20%
Sumvitg
20%
Sursaissa
20%
Tavau Glaris
20%
Tavau Tain
20%
Termin
20%
Thalkirch
20%
Tschierv
20%
Tschlin
20%
Tschupegna
20%
Valbella
20%
Valchava
20%
Valragn
20%
Vargistagn
20%
Vrin
20%
Vulpera
20%
Vuorz
20%
Zezras
20%
Zignau
20%
Ziràn-Reschen
20%
Acla
0%
Almen
0%
Alvaschagn
0%
Andiast
0%
Arvigo
0%
Ascharina
0%
Augio
0%
Braggio
0%
Buond
0%
Buseno
0%
Cama
0%
Camischolas
0%
Campascio
0%
Camuns
0%
Castaneda
0%
Castiel
0%
Castrisch
0%
Cauco
0%
Cavardiras
0%
Cazas
0%
Chapella
0%
Chiaunreis
0%
Clugén
0%
Cumbel
0%
Cumpadials
0%
Curaglia
0%
Dalin
0%
Danis
0%
Dardin
0%
Degen
0%
Duin
0%
Fagieu en il Partenz
0%
Fajauna
0%
Farschno
0%
Fenas
0%
Fex
0%
Flearda
0%
Flond
0%
Giuf
0%
Giuvaulta
0%
Grono
0%
Ladir
0%
La Punt-Farschno
0%
La Rösa
0%
Latsch
0%
Laura
0%
Leggia
0%
Leun
0%
Litzirüti
0%
Lumbrein
0%
Lunden
0%
Luven
0%
Madulain
0%
Maladers
0%
Masagn
0%
Molinas
0%
Mot Seura
0%
Mulegns
0%
Murissen
0%
Murmarera
0%
Pagig
0%
Pany
0%
Parsonz
0%
Pasqual
0%
Peiden
0%
Peist
0%
Pignia
0%
Pigniu
0%
Pitasch
0%
Platta
0%
Plaun da Lej
0%
Prada
0%
Pratval
0%
Preaz
0%
Promontogno
0%
Purtagn
0%
Pusserein
0%
Putz
0%
Rabius
0%
Riein
0%
Riom
0%
Rona
0%
Rossa
0%
Roten
0%
Rueras
0%
Rueun
0%
Ruschein
0%
Santa Domenica
0%
Sarn
0%
S-chanf
0%
Scharons
0%
Sched
0%
Schlans
0%
Schlarigna
0%
Schluein
0%
Schnaus
0%
Scuders
0%
Segl-Baselgia
0%
Segnas
0%
Selma
0%
Serneus
0%
Sevgein
0%
Sfazù
0%
Siat
0%
Soazza
0%
Sogn Benedetg
0%
Solas
0%
Son Martin (Lumnezia)
0%
Stels
0%
Stierva
0%
Stugl
0%
Summaprada
0%
Surava
0%
Surcasti
0%
Surcuolm
0%
Surrein
0%
Tartar
0%
Tavanasa
0%
Tavau Clavadel
0%
Tenna
0%
Tersnaus
0%
Tinizong
0%
Tràn
0%
Tumegl
0%
Uors (Lumnezia)
0%
Urmagn
0%
Valendau
0%
Valzeina
0%
Vattiz
0%
Vella
0%
Verdabbio
0%
Versomi
0%
Veulden
0%
Viano
0%
Vignogn
0%
No matching quizzes found
Score Distribution
Percent of People with Each Score
Percentile by Number Answered
Your Score History
You have not taken this quiz